The language of Chandigarh (Record no. 88162)
[ view plain ]
| 000 -LEADER | |
|---|---|
| fixed length control field | 00696cam a2200241 4500 |
| 001 - CONTROL NUMBER | |
| control field | sa 68018076 |
| 003 - CONTROL NUMBER IDENTIFIER | |
| control field | DLC |
| 005 - DATE AND TIME OF LATEST TRANSACTION | |
| control field | 20260227112708.0 |
| 008 - FIXED-LENGTH DATA ELEMENTS--GENERAL INFORMATION | |
| fixed length control field | 710929s1967 ii ab 00010 eng |
| 010 ## - LIBRARY OF CONGRESS CONTROL NUMBER | |
| LC control number | sa 68018076 //r913 |
| 025 ## - OVERSEAS ACQUISITION NUMBER | |
| Overseas acquisition number | PL480:I-E-10730 |
| 040 ## - CATALOGING SOURCE | |
| Original cataloging agency | DLC |
| Transcribing agency | DLC |
| Modifying agency | DLC |
| 043 ## - GEOGRAPHIC AREA CODE | |
| Geographic area code | a-ii--- |
| 050 00 - LIBRARY OF CONGRESS CALL NUMBER | |
| Classification number | DS485.C54 |
| Item number | T48 |
| 100 10 - MAIN ENTRY--PERSONAL NAME | |
| Personal name | Tewari, V. N. |
| Fuller form of name | (Vishwa Nath), |
| Dates associated with a name | 1936- |
| 245 14 - TITLE STATEMENT | |
| Title | The language of Chandigarh |
| Statement of responsibility, etc. | [by] V. N. Tewari. |
| 250 ## - EDITION STATEMENT | |
| Edition statement | [1st ed.] |
| 260 0# - PUBLICATION, DISTRIBUTION, ETC. | |
| Place of publication, distribution, etc. | Chandigarh, |
| Name of publisher, distributor, etc. | Sahitya Sangam |
| Date of publication, distribution, etc. | [1967] |
| 300 ## - PHYSICAL DESCRIPTION | |
| Extent | 80 p. |
| Other physical details | illus., map. |
| Dimensions | 22 cm. |
| 350 ## - PRICE (NR) (BK AM CF MU VM SE) [OBSOLETE] | |
| Price | 4.00 |
| 651 #0 - SUBJECT ADDED ENTRY--GEOGRAPHIC NAME | |
| Geographic name | Chandīgarh (India) |
| General subdivision | Languages. |
| 650 #0 - SUBJECT ADDED ENTRY--TOPICAL TERM | |
| Topical term or geographic name entry element | Language and languages |
| General subdivision | Political aspects. |
No items available.